00432nam a2200157Ia 4500008004100000020001500041041001200056082001600068100002400084245006700108250000800175260004800183300000800231650001500239700002000254221030s9999 xx 000 0 und d a8122411967 aEnglish a105.23bKot aC. P. Kothandaraman 0aBasic Fluid Mechanciscby C. P. Kothandaraman, R. Rudramoorthy a2nd bNew Age International Pub.aNew Delhic1998 a648 aMechanical aR. Rudramoorthy